Loading...
| Science - Biology | 0 | 9 | 0 | 0 | 90 | 19 | 48.00 | 3 | 5 | 43.60 | 65.56 |
| Literature - World | 0 | 5 | 0 | 0 | 50 | 54 | 78.00 | 1 | 2 | 14.41 | 26.03 |
| Literature - American | 0 | 4 | 0 | 1 | 40 | 71 | 78.00 | 0 | 1 | 13.15 | 22.42 |
| Literature - British | 0 | 2 | 0 | 0 | 20 | 69 | 72.00 | 0 | 0 | 7.06 | 11.91 |
| Popular Culture | 0 | 2 | 0 | 0 | 20 | 40 | 66.50 | 1 | 1 | 13.45 | 25.00 |
| Science - Chemistry | 0 | 2 | 0 | 1 | 20 | 81 | 86.00 | 0 | 0 | 2.47 | 8.06 |
| Literature - European | 0 | 3 | 2 | 0 | 20 | 60 | 74.33 | 1 | 1 | 9.66 | 17.77 |
| Social Science | 0 | 1 | 0 | 1 | 10 | 77 | 77.00 | 0 | 0 | 3.33 | 3.33 |
| Fine Arts - Painting and Sculpture | 0 | 1 | 0 | 0 | 10 | 76 | 76.00 | 0 | 0 | 3.03 | 4.96 |
| Geography | 0 | 1 | 0 | 0 | 10 | 38 | 38.00 | 0 | 1 | 13.61 | 18.33 |
| History - American | 0 | 1 | 0 | 1 | 10 | 84 | 84.00 | 0 | 0 | 2.98 | 6.36 |
| History - Other | 0 | 1 | 0 | 0 | 10 | 101 | 101.00 | 0 | 0 | 0.09 | 5.30 |
| Science - Physics | 0 | 1 | 0 | 1 | 10 | 108 | 108.00 | 0 | 0 | 0.00 | 0.83 |
| Philosophy | 0 | 1 | 1 | 0 | 5 | 100 | 100.00 | 0 | 0 | 0.71 | 9.09 |
| Fine Arts - Classical Music | 0 | 0 | 1 | 0 | -5 | 0.00 | 0 | 0 | 0.00 | 0.00 |